Assessing the Inward Foreign Direct Investment and Their Impact on Gross Domestic Product Growth in Central and Eastern Europe Countries

Výskum vývoja priamych zahraničných investícií (PZI) v krajinách strednej a východnej Európy (CEE) od roku 2010 do roku 2020.

Salvato in:
Dettagli Bibliografici
Autore principale: Liptáková, Katarína
Altri autori: Rigová, Zuzana, Cibuľa, Peter
Natura: Capitolo di libro
Lingua:inglese
Soggetti:
Tags: Aggiungi Tag
Nessun Tag, puoi essere il primo ad aggiungerne!!

MARC

LEADER 00000naa a2200000 4500
001 0297432
005 20231205092615.9
041 0 |a eng 
044 |a UA 
245 1 0 |a Assessing the Inward Foreign Direct Investment and Their Impact on Gross Domestic Product Growth in Central and Eastern Europe Countries  |c Katarína Liptáková, Zuzana Rigová, Peter Cibuľa 
520 |a Výskum vývoja priamych zahraničných investícií (PZI) v krajinách strednej a východnej Európy (CEE) od roku 2010 do roku 2020. 
610 2 0 |a investície priame zahraničné 
610 2 0 |a produkt národný hrubý 
610 2 0 |a zásoby 
610 2 0 |a stredná Európa 
610 2 0 |a východná Európa 
100 1 |a Liptáková, Katarína 
700 1 |a Rigová, Zuzana 
700 1 |a Cibuľa, Peter